00426 2200145 4500001002100000005001500021035002000036245005100056100002500107300003000132260006800162082001200230084001800242650002000260INLIS00000000000147820241018084642 a0010-10240003271 aSi angsa bertelur emas /cChandra Imam Dausyah0 aChandra Imam Dausyah a24 hlm. :bilus. ;c21 cm aJakarta :bPustaka Sandro Jaya,c[tahun terbit tidak diketahui] a398.245 a398.245 CHA s 4aCerita Binatang